| Tag |
First Indicator |
Second Indicator |
Subfields |
| LEADER |
00000cam a2200000 4500 |
| 001 |
in00000024222 |
| 005 |
20151007061048.0 |
| 008 |
750527s1929 nyua 00000 eng d |
| 010 |
|
|
|a 29019619
|
| 035 |
|
|
|a (OCoLC)01356829
|
| 035 |
|
|
|9 AAD0978AM
|
| 040 |
|
|
|a ORL
|c ORL
|d TXA
|d UtOrBLW
|
| 049 |
|
|
|a [f] TXAS
|c [43138]
|
| 050 |
0 |
0 |
|a NA7328
|b .C44
|
| 090 |
|
|
|a NA7328
|b .C44 1929
|
| 092 |
|
|
|a 724.4
|b C44t
|
| 100 |
1 |
|
|a Chamberlain, Samuel,
|d 1895-1975.
|
| 245 |
1 |
0 |
|a Tudor homes of England :
|b with some examples from later periods ...
|
| 264 |
|
1 |
|a New York City :
|b Architectural book company,
|c 1929.
|
| 300 |
|
|
|a 246 pages :
|b illustrations
|
| 336 |
|
|
|a text
|b txt
|2 rdacontent
|
| 337 |
|
|
|a unmediated
|b n
|2 rdamedia
|
| 338 |
|
|
|a volume
|b nc
|2 rdacarrier
|
| 650 |
|
0 |
|a Architecture, Domestic
|z England.
|
| 999 |
|
|
|a MARS
|
| 999 |
f |
f |
|s d49eb6dc-ced5-3cdb-9245-a37299d53ba0
|i b5ae5f2a-65ab-3470-9e86-db8b3eea76ae
|t 0
|
| 952 |
f |
f |
|p noncirc
|a Texas A&M University
|b College Station
|c Cushing Memorial Library & Archives
|d Cushing: Rare Books (Does not check out)
|t 0
|e NA7328 .C44 1929
|f Oversize
|h Library of Congress classification
|i unmediated -- volume
|
| 998 |
f |
f |
|a NA7328 .C44 1929
|t 0
|l Cushing: Rare Books (Does not check out)
|